000 00407nam a22001697a 4500
003 MACL
005 20211207150215.0
008 211207b |||||||| |||| 00| 0 eng d
040 _cMACL
082 _a910/BER
100 _aBERA,TILAK RANJAN
_917824
245 _aNICOBAR ISLANDS
_bIn Nature's Kingdom
260 _aNew Delhi
_bNIYOGI BOOKS
_c2015
300 _ap292
650 _aTravel
942 _2ddc
_cBK
999 _c64532
_d64532